Medical-surgical nursing : (Record no. 24665)
[ view plain ]
| 000 -LEADER | |
|---|---|
| fixed length control field | 01077cam a2200313 a 4500 |
| 001 - CONTROL NUMBER | |
| control field | 17878931 |
| 005 - DATE AND TIME OF LATEST TRANSACTION | |
| control field | 20171107124300.0 |
| 008 - FIXED-LENGTH DATA ELEMENTS--GENERAL INFORMATION | |
| fixed length control field | 130905t2017 moua frbd 001 0 eng d |
| 020 ## - INTERNATIONAL STANDARD BOOK NUMBER | |
| International Standard Book Number | 9780323328524 |
| 040 ## - CATALOGING SOURCE | |
| Original cataloging agency | DNLM/DLC |
| Language of cataloging | eng |
| Transcribing agency | DLC |
| Modifying agency | EG-ScBUE |
| -- | EG-ScBUE |
| 082 04 - DEWEY DECIMAL CLASSIFICATION NUMBER | |
| Classification number | 617.0231 |
| Item number | MED |
| Edition number | 22 |
| 245 00 - TITLE STATEMENT | |
| Title | Medical-surgical nursing : |
| Remainder of title | assessment and management of clinical problems / |
| Statement of responsibility, etc | Sharon L. Lewis ... [et al.] |
| 250 ## - EDITION STATEMENT | |
| Edition statement | 10th ed. |
| 260 ## - PUBLICATION, DISTRIBUTION, ETC. (IMPRINT) | |
| Place of publication, distribution, etc | Missouri : |
| Name of publisher, distributor, etc | Mosby / Elsevier, |
| Date of publication, distribution, etc | c.2017. |
| 300 ## - PHYSICAL DESCRIPTION | |
| Extent | 1 v. (Various pagings) : |
| Dimensions | ill. (col.) ; |
| Other physical details | 28 cm. |
| 500 ## - GENERAL NOTE | |
| General note | Includes appendixes. |
| 500 ## - GENERAL NOTE | |
| General note | Includes glossary. |
| 500 ## - GENERAL NOTE | |
| General note | Includes index. |
| 504 ## - BIBLIOGRAPHY, ETC. NOTE | |
| Bibliography, etc | Includes bibliographical references. |
| 650 #7 - SUBJECT ADDED ENTRY--TOPICAL TERM | |
| Topical term or geographic name as entry element | Nursing Care |
| Source of heading or term | BUEsh |
| 9 (RLIN) | 4472 |
| 650 #7 - SUBJECT ADDED ENTRY--TOPICAL TERM | |
| Topical term or geographic name as entry element | Nursing assessment. |
| Source of heading or term | BUEsh |
| 9 (RLIN) | 20388 |
| 650 #7 - SUBJECT ADDED ENTRY--TOPICAL TERM | |
| Topical term or geographic name as entry element | Operating room nursing. |
| Source of heading or term | BUEsh |
| 9 (RLIN) | 28919 |
| 650 #7 - SUBJECT ADDED ENTRY--TOPICAL TERM | |
| Topical term or geographic name as entry element | Surgical nursing. |
| Source of heading or term | BUEsh |
| 9 (RLIN) | 36117 |
| 651 ## - SUBJECT ADDED ENTRY--GEOGRAPHIC NAME | |
| Source of heading or term | BUEsh |
| 653 ## - INDEX TERM--UNCONTROLLED | |
| Resource For college | Nursing |
| Arrived date list | April2017 |
| -- | November2017 |
| 655 ## - INDEX TERM--GENRE/FORM | |
| Form subdivision | Text book |
| -- | 33728 |
| 700 1# - ADDED ENTRY--PERSONAL NAME | |
| Personal name | Lewis, Sharon Mantik. |
| 9 (RLIN) | 20390 |
| 942 ## - ADDED ENTRY ELEMENTS (KOHA) | |
| Source of classification or shelving scheme | Dewey Decimal Classification |
| Call number prefix | 617.0231 MED |
| Withdrawn status | Item status | Source of classification or shelving scheme | Damaged status | Not for loan | Vendor | Home library | Current library | Shelving location | Date acquired | Source of acquisition | Cost, normal purchase price | Serial Enumeration / chronology | Total Checkouts | Total Renewals | Full call number | Barcode | Date last seen | Date last borrowed | Cost, replacement price | Koha item type |
|---|---|---|---|---|---|---|---|---|---|---|---|---|---|---|---|---|---|---|---|---|
| Dewey Decimal Classification | ايمك | Central Library | Central Library | First floor | 18/04/2017 | Purchase | 3060.00 | 3913 | 2 | 3 | 617.0231 MED | 000041630 | 15/07/2025 | 06/09/2017 | 3825.00 | NB - Book (Non borrowing) | ||||
| Dewey Decimal Classification | Baccah | Central Library | Central Library | First floor | 07/11/2017 | Purchase | 2050.00 | 617.0231 MED | 000042408 | 15/07/2025 | NB - Book (Non borrowing) | |||||||||
| Dewey Decimal Classification | Baccah | Central Library | Central Library | First floor | 07/11/2017 | Purchase | 2050.00 | 617.0231 MED | 000042409 | 15/07/2025 | Book - Borrowing | |||||||||
| Dewey Decimal Classification | Baccah | Central Library | Central Library | First floor | 07/11/2017 | Purchase | 2050.00 | 2 | 27 | 617.0231 MED | 000042410 | 15/07/2025 | 24/02/2019 | Book - Borrowing | ||||||
| Dewey Decimal Classification | Baccah | Central Library | Central Library | First floor | 07/11/2017 | Purchase | 2050.00 | 1 | 40 | 617.0231 MED | 000042411 | 15/07/2025 | 03/10/2018 | Book - Borrowing |